=LDR 00000nam 2200000 4500 =001 INLIS000000000000370 =005 20150310151333.0 =006 =007 =008 Ind =035 ##$$0010-061300000000370 =041 ##$$a Ind =082 ##$$a 907.6 =090 ##$$a 907.6 Ilm =245 ##$$a IPS sejarah ( Lembar kerja siswa ) 3A untuk kelas 3 SLTP caturwulan 1 berdasarkan kurikulum pendidikan dasar 1994 GBPP SLTP =260 ##$$a Solo $b Tiga Serangkai $c 1996 =300 ##$$a 48 hlm. ; 21 cm =650 ##$$a Sejarah =650 ##$$a Studi dan pengajaran =850 ##$$a NBPNMAT